| 000 | 00902nam a22002057a 4500 | ||
|---|---|---|---|
| 999 |
_c62148 _d62148 |
||
| 005 | 20240723165343.0 | ||
| 008 | 240723s2024 ge ||||| |||| 00| 0 ger d | ||
| 020 | _a9783823385790X | ||
| 041 | _ager | ||
| 080 | _a81'373:004.3 A-54 | ||
| 100 |
_aAndresen, Melanie _922914 |
||
| 245 |
_aComputerlinguistische Methoden für die Digital Humanities _b eine Einführung für Geisteswissenschaftler:innen / _cMelanie Andresen, |
||
| 264 |
_aTubingen: _bNarr Francke Attempto, _c 2024. |
||
| 300 |
_a240 p:. _bDiagramme; _c24 cm. |
||
| 440 |
_a Narr Studienbücher _922915 |
||
| 653 | _aComputerlinguistische Methoden für die Digital Humanities eine Einführung für Geisteswissenschaftler:innen | ||
| 653 | _aგამოთვლითი ლინგვისტიკა | ||
| 653 | _aციფრული ჰუმანიტარული მეცნიერებები | ||
| 942 |
_2udc _cBK |
||